000 01632nam0a2200325 4500
001 RU\NLR\bibl\864314
005 20260407051406.0
010 _a5-87865-290-0
_9200
021 _aRU
_b2005-57189
_92797
035 _a(NLR Aleph) 000852978
090 _a1491813
_c1491813
100 _a20051101d2004 |||y0rusy50 ca
101 0 _arus
102 _aRU
105 _ay z |||||
200 1 _aГлобализация и национальные интересы России
_eматериалы российской научно-практической конференции, 19-21 мая 2004 г.
_f[редкол.: Миннибаев Е.К., д.ист.н., проф. (отв. ред.) и др.]
210 _aУфа
_cВосточный университет
_d2004
215 _a180 с.
_d20
300 _aВ надзаг.: Акад. воен. наук Рос.Федерации, Вост. ин-т экономики, гуманит. наук, упр. и права, Регион. отд-ние Акад. воен. наук по Респ. Башкортостан
606 1 _aГлобализация
_jСъезды, совещания и т.п.
_92215806
_3RU\NLR\auth\661330820
686 _aФ4я431
686 _aУ58я431
702 1 _4340
_7ca
_8rus
_aМиннибаев
_bЕ. К.
_f1946 -
_gЕвгений Кадырович
_949990
_3RU\NLR\auth\7767062
712 0 2 _4570
_aАкадемия военных наук
_cМосква
_9539227
_3RU\NLR\AUTH\8810020621
801 0 _aRU
_bNLR
_c20051101
_grcr
801 1 _aRU
_bNLR
_c20051101
942 _cBOOK
980 _aNB
980 _aNBR